[Event "Ekaterinburg Rapid op"]
[Site "Ekaterinburg"]
[Date "2023.08.11"]
[Round "1"]
[White "Khismatullin, Denis Rimovich"]
[Black "Malkov, Savely"]
[Result "1-0"]
[WhiteElo "2579"]
[BlackElo "1535"]
[PlyCount "50"]
[EventDate "2023.08.11"]
[EventType "swiss (rapid)"]
[EventRounds "11"]
[EventCountry "RUS"]
[SourceTitle "CBM 215 Extra"]
[Source "ChessBase"]
[SourceDate "2023.09.30"]
[SourceVersion "1"]
[SourceVersionDate "2023.09.30"]
[SourceQuality "1"]

1. d4 Nf6 2. c4 g6 3. g3 Bg7 4. Bg2 0-0 5. Nc3 d6 6. Nf3 Nc6 7. h3 e5 8. Be3 Qe7 9. 0-0 h6 10. Rc1 Bd7 11. dxe5 Nxe5 12. Nxe5 Qxe5 13. Qd2 Qh5 14. g4 Qh4 15. f4 Bxg4 16. hxg4 Nxg4 17. Rf3 Rfe8 18. Rh3 Qe7 19. Bd4 Bxd4+ 20. Qxd4 h5 21. Bf3 Ne3 22. Ne4 Nf5 23. Qc3 h4 24. Nf6+ Kf8 25. Nd5 Qd8 1-0

[Event "Eurasia Cup op"]
[Site "Ekaterinburg"]
[Date "2019.08.05"]
[Round "5"]
[White "Vozmilov, Lev"]
[Black "Malkov, Savely"]
[Result "1-0"]
[WhiteElo "1681"]
[BlackElo "1181"]
[PlyCount "48"]
[EventDate "2019.07.31"]
[EventType "swiss"]
[EventRounds "9"]
[EventCountry "RUS"]
[SourceTitle "CBM 191 Extra"]
[Source "ChessBase"]
[SourceDate "2019.09.30"]
[SourceVersion "1"]
[SourceVersionDate "2019.09.30"]
[SourceQuality "1"]

1. e4 e5 2. Nf3 Nc6 3. d4 exd4 4. Bc4 Bc5 5. 0-0 Nge7 6. Ng5 Ne5 7. Bxf7+ Nxf7 8. Nxf7 Kxf7 9. Qh5+ g6 10. Qxc5 Nc6 11. Bg5 Qe8 12. Nd2 d6 13. Qa3 Kg7 14. f4 h6 15. Bh4 Qf7 16. Nb3 Be6 17. Rad1 Bxb3 18. axb3 Qe6 19. Rde1 Qg4 20. Bg3 h5 21. Rf3 h4 22. h3 Qh5 23. Bf2 Raf8 24. b4 g5 1-0

[Event "Eurasia Cup op"]
[Site "Ekaterinburg"]
[Date "2019.08.03"]
[Round "4"]
[White "Malkov, Savely"]
[Black "Gerasimova, Olga"]
[Result "0-1"]
[WhiteElo "1181"]
[BlackElo "1917"]
[PlyCount "60"]
[EventDate "2019.07.31"]
[EventType "swiss"]
[EventRounds "9"]
[EventCountry "RUS"]
[SourceTitle "CBM 191 Extra"]
[Source "ChessBase"]
[SourceDate "2019.09.30"]
[SourceVersion "1"]
[SourceVersionDate "2019.09.30"]
[SourceQuality "1"]

1. e4 c5 2. Nc3 Nc6 3. Bc4 Nf6 4. a4 e6 5. d3 d5 6. exd5 exd5 7. Bb3 Nd4 8. Bf4 Bd6 9. Bxd6 Qxd6 10. Nge2 Nxb3 11. cxb3 d4 12. Nb5 Qb6 13. Rc1 a6 14. Na3 0-0 15. 0-0 Be6 16. Nc4 Qd8 17. Nf4 Bxc4 18. bxc4 Qd6 19. Qd2 h6 20. g3 Qd7 21. a5 g5 22. Ng2 Qh3 23. f4 Ng4 24. Ne1 Ne3 25. Rf2 Kh7 26. fxg5 hxg5 27. Nc2 Rae8 28. Re2 Ng4 29. Rce1 Rxe2 30. Rxe2 Kg6 0-1